Schweizer Kantone nach Fläche - Statistiken

Allgemein
  • Dieses Quiz wurde 574 mal gespielt
  • Das Durchschnittsergebnis liegt bei 15 aus 26
Antwortstatistiken
Fläche Antwort % Korrekt
7'105 Graubünden
100%
5'959 Bern
98%
5'224 Wallis
94%
3'212 Waadt
90%
2'812 Tessin
83%
2'026 St. Gallen
72%
1'729 Zürich
71%
37 Basel-Stadt
68%
1'493 Luzern
65%
1'404 Aargau
63%
1'671 Freiburg
60%
1'077 Uri
53%
991 Thurgau
51%
239 Zug
46%
908 Schwyz
45%
173 Appenzell Innerrhoden
43%
282 Genf
43%
276 Nidwalden
40%
838 Jura
38%
491 Obwalden
38%
791 Solothurn
38%
685 Glarus
37%
803 Neuenburg
37%
243 Appenzell Ausserrhoden
34%
518 Basel-Landschaft
34%
298 Schaffhausen
34%
Keine übereinstimmenden Quizze gefunden
Verteilung der Resultate
Anzahl Personen mit jedem Resultat
Perzentil nach korrekt beantworteten Fragen
Ihre Resultats-Entwicklung
Sie haben dieses Quiz noch nicht gespielt